Statistics for The 50 best players in FIFA 17 (Basic and Legends)

Click here to take the quiz!

General Stats

  • This quiz has been taken 102 times
  • The average score is 13 of 50

Answer Stats

OverallPlayer% Correct
94Cristiano Ronaldo
99%
93Messi
99%
95Pele
89%
92Neymar
85%
92Suarez
73%
92Neuer
67%
90Bale
48%
89Sergio Ramos
46%
90De Gea
42%
92Maldini
40%
90Ibrahimovic
39%
93Beckenbauer
38%
89Aguero
32%
89Modric
30%
90Boateng
29%
90Gullit
29%
89Thiago Silva
29%
92Baresi
25%
88Pogba
24%
91Van Basten
23%
89Courtois
21%
90Puyol
19%
89Ozil
18%
90Best
14%
90Figo
14%
90Nesta
14%
90Bergkamp
13%
91Matthaus
13%
90Del Piero
11%
88Higuain
11%
89van der Sar
11%
90Schmeichel
10%
89Shearer
10%
88Chiellini
8%
89Weah
8%
90Butragueno
7%
89Cannavaro
7%
89Desailly
7%
89Hagi
7%
89Moore
7%
90Nistelrooy
7%
90Stoichkov
7%
89Blanc
6%
89Giggs
6%
89Laudrup
6%
89Lineker
6%
89Scholes
6%
89Hierro
5%
89Nedved
5%
90Lewandwski
1%

Score Distribution

Percentile by Number Answered

Percent of People with Each Score

Your Score History

You have not taken this quiz